000 01639nam a2200433 c 4500
999 _c159515
_d159515
003 BLK
005 20250122135952.0
008 180410b bul|||||r ||||||| ||bul||
010 _aKNG00166686000
040 _aBLK
041 _aBUL
_cBUL
072 7 _2bullib
_aК
_xКраезнание
080 _aМлечна промишленост в цялост (Вж и 637.2 ; 637.3)
_b637.1
_x:339.18(497.215)
_z637.1:339.18(497.215)
100 1 _aГанев, Ганчо Иванов
_eпърви автор
_9334516
139 _aГанев, Ганчо Иванов
_bГ 20
245 1 0 _aМлекоснабдяването на гр. Русе
_bРеферат, четен на 18 март 1938 г. пред Русенския клон на Бълг. икон. д-во
_cГанчо Иванов Ганев.
257 _aBGR
260 _bРусенска гр. община
_c1938
300 _a36 с.
_c23 см
380 _a63
500 _a1000 тир.
650 4 _aМлечни продукти - търговия
_9301762
650 4 _aРусе - стопанско развитие
_9275828
651 4 _aБългария
_9241624
651 4 _aРусе
_9179462
653 _aмлечни продукти
653 _aРусе
653 _aтърговия
659 _aК
852 _aЦб 40856
852 _aК 63/Г 20 Г
856 4 _qpdf
856 4 _qpdf
942 _cKNG
_n0
_s1
_01
944 _aCR
_c30.10.2014
_lВаля Йорданова
_k30558
944 _aED
_c30.10.2014
_l30.10.2014 - от С1,Р / 30.10.2014
999 _d159515
999 _d159515